<?xml version="1.0" encoding="UTF-8"?>
<record
    xmlns:xsi="http://www.w3.org/2001/XMLSchema-instance"
    xsi:schemaLocation="http://www.loc.gov/MARC21/slim http://www.loc.gov/standards/marcxml/schema/MARC21slim.xsd"
    xmlns="http://www.loc.gov/MARC21/slim">

  <leader>01747cam a2200349 a 4500</leader>
  <controlfield tag="001">31322</controlfield>
  <controlfield tag="003">BD-RjUL</controlfield>
  <controlfield tag="005">20211209051703.0</controlfield>
  <controlfield tag="008">140415r18951968enk           001 0 eng d</controlfield>
  <datafield tag="035" ind1=" " ind2=" ">
    <subfield code="a">BD-RjUL)31409</subfield>
  </datafield>
  <datafield tag="035" ind1=" " ind2=" ">
    <subfield code="a">ocm07646635</subfield>
  </datafield>
  <datafield tag="040" ind1=" " ind2=" ">
    <subfield code="a">DLC</subfield>
    <subfield code="c">AKR</subfield>
    <subfield code="d">SER</subfield>
    <subfield code="d">BD-RjUL</subfield>
    <subfield code="b">eng</subfield>
  </datafield>
  <datafield tag="041" ind1="1" ind2=" ">
    <subfield code="a">enm</subfield>
    <subfield code="h">lat</subfield>
  </datafield>
  <datafield tag="082" ind1=" " ind2=" ">
    <subfield code="2">21</subfield>
    <subfield code="a">189 </subfield>
    <subfield code="b">BOC 1895</subfield>
  </datafield>
  <datafield tag="100" ind1="0" ind2=" ">
    <subfield code="a">Boethius,</subfield>
    <subfield code="d">-524.</subfield>
    <subfield code="9">86846</subfield>
  </datafield>
  <datafield tag="245" ind1="1" ind2="0">
    <subfield code="a">Chaucer's translation of Boethius's "De consolatione philosophi&#xE6;." /</subfield>
    <subfield code="c">ecited from the additional ms. 10,340 in the British Museum ; collated with Cambridge Univ. Libr. ms. Ii. 3. 21 by Richard Morris ...</subfield>
  </datafield>
  <datafield tag="260" ind1=" " ind2=" ">
    <subfield code="a">London :</subfield>
    <subfield code="b">Published for the Early English Text Society, by N. Tr&#xFC;bner &amp; Co,</subfield>
    <subfield code="c">1868 [Reprinted 1895]</subfield>
  </datafield>
  <datafield tag="300" ind1=" " ind2=" ">
    <subfield code="a">xxiii, 205 p. ;</subfield>
    <subfield code="c">22 cm.</subfield>
  </datafield>
  <datafield tag="490" ind1="1" ind2=" ">
    <subfield code="a">Extra series / Early English Text Society ;</subfield>
    <subfield code="v">no. 5</subfield>
  </datafield>
  <datafield tag="500" ind1=" " ind2=" ">
    <subfield code="a">Reissued in 1886, with added t.-p. ("Chaucer's 'Boece' englisht from Boethius ...") as Chaucer Society Publication, First series, no. 76.</subfield>
  </datafield>
  <datafield tag="504" ind1=" " ind2=" ">
    <subfield code="a">Includes Index</subfield>
  </datafield>
  <datafield tag="650" ind1=" " ind2="0">
    <subfield code="a"> Philosophy, Medieval.</subfield>
    <subfield code="9">95320</subfield>
  </datafield>
  <datafield tag="700" ind1="1" ind2=" ">
    <subfield code="a">Morris, Richard,</subfield>
    <subfield code="d">1833-1894.</subfield>
    <subfield code="9">95322</subfield>
  </datafield>
  <datafield tag="830" ind1=" " ind2="0">
    <subfield code="v">no. 5</subfield>
    <subfield code="9">222432</subfield>
  </datafield>
  <datafield tag="830" ind1=" " ind2="0">
    <subfield code="a">Early English Text Society (Series).</subfield>
    <subfield code="9">222433</subfield>
  </datafield>
  <datafield tag="856" ind1="4" ind2="1">
    <subfield code="3">Bodleian Library Upper Reading Room Open Shelves A.4.22/v.5</subfield>
    <subfield code="u">http://purl.ox.ac.uk/uuid/1d49e542e81e43669dd8bad14369ed0b</subfield>
  </datafield>
  <datafield tag="856" ind1="4" ind2="1">
    <subfield code="3">English Faculty Library E91.5</subfield>
    <subfield code="u">http://purl.ox.ac.uk/uuid/a9ab4d0344334138a9aacf636c6cd25c</subfield>
  </datafield>
  <datafield tag="856" ind1="4" ind2="1">
    <subfield code="3">English Faculty Library F210[Boe] (1886 printing)</subfield>
    <subfield code="u">http://purl.ox.ac.uk/uuid/dafa3222dc7544ab8cda0e85346ff4a1</subfield>
  </datafield>
  <datafield tag="856" ind1="4" ind2="1">
    <subfield code="3">Taylor Institution Library EETS/ES.5</subfield>
    <subfield code="u">http://purl.ox.ac.uk/uuid/89a6381ad351492fa902aa775291e1ab</subfield>
  </datafield>
  <datafield tag="942" ind1=" " ind2=" ">
    <subfield code="2">ddc</subfield>
    <subfield code="c">RAR</subfield>
  </datafield>
  <datafield tag="999" ind1=" " ind2=" ">
    <subfield code="c">31322</subfield>
    <subfield code="d">31322</subfield>
  </datafield>
  <datafield tag="952" ind1=" " ind2=" ">
    <subfield code="0">0</subfield>
    <subfield code="1">0</subfield>
    <subfield code="2">ddc</subfield>
    <subfield code="4">0</subfield>
    <subfield code="7">1</subfield>
    <subfield code="8">NFIC</subfield>
    <subfield code="a">RUCL</subfield>
    <subfield code="b">RUCL</subfield>
    <subfield code="c">Rare</subfield>
    <subfield code="d">1955-08-08</subfield>
    <subfield code="e">O. U. P</subfield>
    <subfield code="g">6.00</subfield>
    <subfield code="l">0</subfield>
    <subfield code="o">RA 189  BOC 1895</subfield>
    <subfield code="r">2014-04-15 00:00:00</subfield>
    <subfield code="t">C-1</subfield>
    <subfield code="w">2021-12-09</subfield>
    <subfield code="y">RAR</subfield>
  </datafield>
  <datafield tag="952" ind1=" " ind2=" ">
    <subfield code="0">0</subfield>
    <subfield code="1">0</subfield>
    <subfield code="2">ddc</subfield>
    <subfield code="4">0</subfield>
    <subfield code="7">0</subfield>
    <subfield code="8">RARE</subfield>
    <subfield code="a">RUCL</subfield>
    <subfield code="b">RUCL</subfield>
    <subfield code="c">Rare</subfield>
    <subfield code="d">2024-12-07</subfield>
    <subfield code="o">RA 189  BOC 1895</subfield>
    <subfield code="r">2024-12-07 00:00:00</subfield>
    <subfield code="t">C-2</subfield>
    <subfield code="y">RAR</subfield>
  </datafield>
</record>
